[Event "blitzwomeanteam"]
[Site "?"]
[Date "2016.10.07"]
[Round "1.1"]
[White "Pogonina, Natalija"]
[Black "Galliamova, Alisa"]
[Result "1/2-1/2"]
[LiveChessVersion "1.4.4"]
[BlackElo "2403"]
[WhiteElo "2402"]

1. d4 {[%clk 0:03:03]} d5 {[%clk 0:03:02]} 2. c4 {[%clk 0:03:03]} dxc4
{[%clk 0:03:03]} 3. e4 {[%clk 0:03:04]} e5 {[%clk 0:02:45]} 4. Nf3
{[%clk 0:03:04]} Bb4+ {[%clk 0:02:43]} 5. Bd2 {[%clk 0:02:41]} Bxd2+
{[%clk 0:02:42]} 6. Qxd2 {[%clk 0:02:38]} exd4 {[%clk 0:02:42]} 7. Nxd4
{[%clk 0:02:36]} Nf6 {[%clk 0:02:29]} 8. Nc3 {[%clk 0:02:36]} c5 {[%clk 0:02:23]}
9. Ndb5 {[%clk 0:02:32]} Qxd2+ {[%clk 0:02:21]} 10. Kxd2 {[%clk 0:02:32]} Na6
{[%clk 0:01:44]} 11. Bxc4 {[%clk 0:02:32]} O-O {[%clk 0:01:42]} 12. Rad1
{[%clk 0:02:26]} Bd7 {[%clk 0:01:38]} 13. f3 {[%clk 0:02:20]} Nb4
{[%clk 0:01:33]} 14. a3 {[%clk 0:02:15]} Nc6 {[%clk 0:01:34]} 15. Ke3
{[%clk 0:02:13]} Ne5 {[%clk 0:01:31]} 16. Be2 {[%clk 0:02:06]} a6
{[%clk 0:01:31]} 17. Nc7 {[%clk 0:02:00]} Rac8 {[%clk 0:01:31]} 18. N7d5
{[%clk 0:01:59]} Nxd5+ {[%clk 0:01:24]} 19. Rxd5 {[%clk 0:01:43]} f6
{[%clk 0:01:23]} 20. Rhd1 {[%clk 0:01:31]} Be6 {[%clk 0:01:21]} 21. Rd6
{[%clk 0:01:27]} Nc4+ {[%clk 0:01:21]} 22. Bxc4 {[%clk 0:01:26]} Bxc4
{[%clk 0:01:22]} 23. Nd5 {[%clk 0:01:06]} Bxd5 {[%clk 0:01:20]} 24. R1xd5
{[%clk 0:01:06]} c4 {[%clk 0:01:20]} 25. Kd4 {[%clk 0:01:06]} Rc7
{[%clk 0:01:13]} 26. Rd7 {[%clk 0:01:04]} Rfc8 {[%clk 0:01:14]} 27. Rxc7
{[%clk 0:00:55]} Rxc7 {[%clk 0:01:16]} 28. Rc5 {[%clk 0:00:53]} Rd7+
{[%clk 0:01:06]} 29. Kxc4 {[%clk 0:00:49]} Rd2 {[%clk 0:01:06]} 30. Rc8+
{[%clk 0:00:49]} Kf7 {[%clk 0:01:07]} 31. Rc7+ {[%clk 0:00:50]} Kg6
{[%clk 0:01:08]} 32. Rxb7 {[%clk 0:00:50]} Rxg2 {[%clk 0:01:08]} 33. a4
{[%clk 0:00:44]} Rxh2 {[%clk 0:01:07]} 34. f4 {[%clk 0:00:39]} h5
{[%clk 0:01:07]} 35. b4 {[%clk 0:00:28]} h4 {[%clk 0:01:07]} 36. f5+
{[%clk 0:00:27]} Kh7 {[%clk 0:01:04]} 37. b5 {[%clk 0:00:28]} axb5+
{[%clk 0:01:05]} 38. Rxb5 {[%clk 0:00:24]} h3 {[%clk 0:01:03]} 39. Rb3
{[%clk 0:00:22]} Rc2+ {[%clk 0:01:04]} 40. Kd4 {[%clk 0:00:18]} h2
{[%clk 0:01:01]} 41. Rh3+ {[%clk 0:00:19]} Kg8 {[%clk 0:01:02]} 42. a5
{[%clk 0:00:19]} Ra2 {[%clk 0:00:57]} 43. a6 {[%clk 0:00:20]} Ra4+
{[%clk 0:00:46]} 44. Kd5 {[%clk 0:00:19]} Rxa6 {[%clk 0:00:34]} 45. Rxh2
{[%clk 0:00:20]} Ra5+ {[%clk 0:00:32]} 1/2-1/2

[Event "blitzwomeanteam"]
[Site "?"]
[Date "2016.10.07"]
[Round "1.2"]
[White "Ambartsumova, Karina"]
[Black "Mkrtchian, Lilit"]
[Result "1/2-1/2"]
[LiveChessVersion "1.4.4"]
[BlackElo "2374"]
[WhiteElo "2293"]

1. e4 {[%clk 0:03:02]} e6 {[%clk 0:03:03]} 2. d4 {[%clk 0:03:02]} d5
{[%clk 0:03:05]} 3. Nc3 {[%clk 0:03:03]} Bb4 {[%clk 0:03:05]} 4. e5
{[%clk 0:03:01]} Ne7 {[%clk 0:03:03]} 5. a3 {[%clk 0:03:02]} Bxc3+
{[%clk 0:03:04]} 6. bxc3 {[%clk 0:03:03]} c5 {[%clk 0:03:05]} 7. Qg4
{[%clk 0:03:00]} O-O {[%clk 0:03:03]} 8. Bd3 {[%clk 0:02:26]} Nbc6
{[%clk 0:03:03]} 9. Nf3 {[%clk 0:02:23]} f5 {[%clk 0:02:58]} 10. exf6
{[%clk 0:02:19]} Rxf6 {[%clk 0:02:58]} 11. Qh5 {[%clk 0:01:55]} h6
{[%clk 0:02:47]} 12. O-O {[%clk 0:01:50]} c4 {[%clk 0:02:29]} 13. Be2
{[%clk 0:01:49]} Bd7 {[%clk 0:02:28]} 14. Re1 {[%clk 0:01:39]} Be8
{[%clk 0:02:13]} 15. Qh3 {[%clk 0:01:41]} Bg6 {[%clk 0:02:11]} 16. Bd1
{[%clk 0:01:42]} Bf5 {[%clk 0:02:04]} 17. Qg3 {[%clk 0:01:43]} Qf8
{[%clk 0:01:55]} 18. Ne5 {[%clk 0:01:34]} Nxe5 {[%clk 0:01:51]} 19. dxe5
{[%clk 0:01:20]} Rg6 {[%clk 0:01:14]} 20. Qf4 {[%clk 0:01:22]} Be4
{[%clk 0:01:04]} 21. f3 {[%clk 0:01:09]} Qxf4 {[%clk 0:00:47]} 22. Bxf4
{[%clk 0:01:09]} Rf8 {[%clk 0:00:49]} 23. Bg3 {[%clk 0:01:02]} Bf5
{[%clk 0:00:48]} 24. Bf2 {[%clk 0:00:47]} h5 {[%clk 0:00:45]} 25. a4
{[%clk 0:00:45]} Nc6 {[%clk 0:00:38]} 26. Kh1 {[%clk 0:00:33]} Rh6
{[%clk 0:00:39]} 27. Bh4 {[%clk 0:00:32]} Kf7 {[%clk 0:00:37]} 28. Bg5
{[%clk 0:00:33]} Rhh8 {[%clk 0:00:38]} 29. h4 {[%clk 0:00:22]} b6
{[%clk 0:00:39]} 30. Ra2 {[%clk 0:00:21]} Ke8 {[%clk 0:00:36]} 31. Kh2
{[%clk 0:00:22]} Kd7 {[%clk 0:00:37]} 32. Be2 {[%clk 0:00:20]} Nxe5 33. a5
{[%clk 0:00:22]} Nc6 {[%clk 0:00:27]} 34. axb6 axb6 {[%clk 0:00:29]} 35. Rb1
{[%clk 0:00:23]} Ra8 {[%clk 0:00:28]} 36. Rab2 {[%clk 0:00:24]} Rhb8
{[%clk 0:00:27]} 37. Rxb6 {[%clk 0:00:25]} Bxc2 {[%clk 0:00:23]} 38. R1b2
{[%clk 0:00:21]} Rxb6 {[%clk 0:00:23]} 39. Rxb6 {[%clk 0:00:22]} Kc7
{[%clk 0:00:18]} 40. Rb2 {[%clk 0:00:23]} Bf5 {[%clk 0:00:18]} 41. g4
{[%clk 0:00:24]} hxg4 {[%clk 0:00:14]} 42. fxg4 {[%clk 0:00:25]} Be4
{[%clk 0:00:15]} 43. h5 {[%clk 0:00:22]} Ra1 {[%clk 0:00:12]} 44. Kg3 Ra3
{[%clk 0:00:13]} 45. Bd2 {[%clk 0:00:10]} d4 {[%clk 0:00:11]} 46. Kf4
{[%clk 0:00:10]} dxc3 {[%clk 0:00:11]} 47. Bxc3 {[%clk 0:00:12]} Rxc3
{[%clk 0:00:07]} 48. Kxe4 {[%clk 0:00:13]} Rg3 {[%clk 0:00:08]} 49. Rc2
{[%clk 0:00:11]} Na5 {[%clk 0:00:08]} 50. Kf4 {[%clk 0:00:12]} Rg1
{[%clk 0:00:08]} 51. Bxc4 {[%clk 0:00:12]} Kd6 {[%clk 0:00:08]} 52. Bd3
{[%clk 0:00:12]} Nc6 {[%clk 0:00:09]} 53. Rd2 {[%clk 0:00:08]} Ke7
{[%clk 0:00:09]} 54. g5 {[%clk 0:00:07]} e5+ {[%clk 0:00:09]} 55. Ke3
{[%clk 0:00:05]} Rxg5 {[%clk 0:00:09]} 56. Rh2 {[%clk 0:00:04]} Nd4
{[%clk 0:00:09]} 57. h6 {[%clk 0:00:06]} gxh6 {[%clk 0:00:10]} 58. Rxh6
{[%clk 0:00:07]} Ne6 {[%clk 0:00:10]} 59. Rh7+ {[%clk 0:00:07]} Kf6
{[%clk 0:00:10]} 60. Rh6+ {[%clk 0:00:08]} Ke7 {[%clk 0:00:12]} 61. Rh7+
{[%clk 0:00:10]} Kd6 {[%clk 0:00:12]} 62. Rh6 {[%clk 0:00:11]} Ke7
{[%clk 0:00:12]} 63. Rh7+ {[%clk 0:00:13]} Kd6 {[%clk 0:00:11]} 64. Rh6
{[%clk 0:00:14]} Rg3+ {[%clk 0:00:07]} 65. Kd2 {[%clk 0:00:14]} Rg2+
{[%clk 0:00:07]} 66. Ke3 {[%clk 0:00:13]} Rg3+ {[%clk 0:00:08]} 67. Kd2
{[%clk 0:00:15]} Rg2+ {[%clk 0:00:09]} 68. Kc3 {[%clk 0:00:14]} Rg3
{[%clk 0:00:10]} 69. Kd2 1/2-1/2

[Event "blitzwomeanteam"]
[Site "?"]
[Date "2016.10.07"]
[Round "1.3"]
[White "Nechaeva, Marina"]
[Black "Nebolsina, Vera"]
[Result "1-0"]
[LiveChessVersion "1.4.4"]
[BlackElo "2226"]
[WhiteElo "2351"]

1. d4 {[%clk 0:03:03]} f5 {[%clk 0:03:03]} 2. c4 {[%clk 0:03:04]} Nf6
{[%clk 0:03:03]} 3. Nc3 {[%clk 0:03:05]} d6 {[%clk 0:03:04]} 4. Bg5
{[%clk 0:03:06]} Nbd7 {[%clk 0:03:05]} 5. Qc2 {[%clk 0:03:06]} g6
{[%clk 0:03:04]} 6. O-O-O {[%clk 0:03:05]} Bg7 {[%clk 0:03:00]} 7. h4
{[%clk 0:03:02]} h6 {[%clk 0:02:45]} 8. Bf4 {[%clk 0:03:00]} c6 {[%clk 0:02:25]}
9. e3 {[%clk 0:02:51]} Qa5 {[%clk 0:01:56]} 10. Kb1 {[%clk 0:02:34]} Nf8
{[%clk 0:01:56]} 11. Nf3 {[%clk 0:01:53]} Be6 {[%clk 0:01:42]} 12. Bd3
{[%clk 0:01:38]} O-O-O {[%clk 0:01:34]} 13. Rhe1 {[%clk 0:01:15]} Bf7
{[%clk 0:01:21]} 14. e4 {[%clk 0:01:07]} fxe4 {[%clk 0:01:12]} 15. Nxe4
{[%clk 0:01:07]} Nxe4 {[%clk 0:00:54]} 16. Rxe4 {[%clk 0:00:57]} Bf6
{[%clk 0:00:55]} 17. g4 {[%clk 0:00:39]} g5 {[%clk 0:00:49]} 18. hxg5
{[%clk 0:00:37]} hxg5 {[%clk 0:00:50]} 19. Bg3 {[%clk 0:00:34]} Bg6
{[%clk 0:00:51]} 20. Re2 {[%clk 0:00:29]} Bxd3 {[%clk 0:00:51]} 21. Qxd3
{[%clk 0:00:30]} Nd7 {[%clk 0:00:52]} 22. Nd2 {[%clk 0:00:26]} Rdf8
{[%clk 0:00:52]} 23. Ne4 {[%clk 0:00:25]} Rf7 {[%clk 0:00:48]} 24. Nxf6
{[%clk 0:00:21]} Nxf6 {[%clk 0:00:46]} 25. f3 {[%clk 0:00:14]} Rh3
{[%clk 0:00:46]} 26. Rg2 {[%clk 0:00:11]} Rfh7 {[%clk 0:00:46]} 27. a3
{[%clk 0:00:12]} Rh1 {[%clk 0:00:42]} 28. Rxh1 {[%clk 0:00:13]} Rxh1+
{[%clk 0:00:43]} 29. Ka2 {[%clk 0:00:15]} Qa4 {[%clk 0:00:43]} 30. Re2
{[%clk 0:00:14]} Kd8 {[%clk 0:00:35]} 31. Be1 {[%clk 0:00:12]} d5
{[%clk 0:00:31]} 32. cxd5 {[%clk 0:00:12]} cxd5 {[%clk 0:00:32]} 33. Bb4
{[%clk 0:00:12]} Ng8 {[%clk 0:00:24]} 34. Qf5 {[%clk 0:00:11]} Qd7
{[%clk 0:00:15]} 35. Qf8+ {[%clk 0:00:12]} Qe8 {[%clk 0:00:16]} 36. Qf5
{[%clk 0:00:09]} Qd7 {[%clk 0:00:17]} 37. Qxg5 {[%clk 0:00:09]} Qc7
{[%clk 0:00:16]} 38. Qxg8+ {[%clk 0:00:10]} Kd7 {[%clk 0:00:18]} 39. Rxe7+
{[%clk 0:00:11]} 1-0

[Event "blitzwomeanteam"]
[Site "?"]
[Date "2016.10.07"]
[Round "1.4"]
[White "Belova, Olga"]
[Black "Kovanova, Baira"]
[Result "0-1"]
[LiveChessVersion "1.4.4"]
[BlackElo "2282"]
[WhiteElo "2020"]

1. d4 {[%clk 0:03:02]} Nf6 {[%clk 0:03:03]} 2. Nc3 {[%clk 0:03:03]} d5
{[%clk 0:03:03]} 3. Bg5 {[%clk 0:03:04]} Bf5 {[%clk 0:02:38]} 4. Nf3
{[%clk 0:03:04]} c6 {[%clk 0:02:37]} 5. e3 {[%clk 0:03:05]} Nbd7 {[%clk 0:02:36]}
6. Bd3 {[%clk 0:03:05]} Bxd3 {[%clk 0:02:32]} 7. Qxd3 {[%clk 0:03:04]} g6
{[%clk 0:02:10]} 8. e4 {[%clk 0:02:56]} dxe4 {[%clk 0:02:08]} 9. Nxe4
{[%clk 0:02:56]} Bg7 {[%clk 0:02:02]} 10. O-O {[%clk 0:02:23]} O-O
{[%clk 0:01:59]} 11. Rfe1 {[%clk 0:02:14]} h6 {[%clk 0:01:39]} 12. Bd2
{[%clk 0:02:01]} Nxe4 {[%clk 0:01:30]} 13. Qxe4 {[%clk 0:02:01]} e6
{[%clk 0:01:31]} 14. Ne5 {[%clk 0:01:54]} Nxe5 {[%clk 0:01:25]} 15. Bb4
{[%clk 0:01:38]} Nd7 {[%clk 0:00:56]} 16. Bxf8 {[%clk 0:01:36]} Qxf8
{[%clk 0:00:57]} 17. c3 {[%clk 0:01:34]} Nf6 {[%clk 0:00:57]} 18. Qc2
{[%clk 0:01:20]} Nd5 {[%clk 0:00:57]} 19. Rad1 {[%clk 0:01:11]} c5
{[%clk 0:00:56]} 20. dxc5 {[%clk 0:00:27]} Qxc5 {[%clk 0:00:57]} 21. Qb3
{[%clk 0:00:18]} Qc6 {[%clk 0:00:56]} 22. c4 {[%clk 0:00:05]} Nf4
{[%clk 0:00:46]} 23. f3 {[%clk 0:00:07]} Qc5+ {[%clk 0:00:28]} 24. Kh1
{[%clk 0:00:06]} Qc6 {[%clk 0:00:20]} 25. Qe3 {[%clk 0:00:06]} e5
{[%clk 0:00:20]} 26. b3 {[%clk 0:00:06]} Ne6 {[%clk 0:00:21]} 27. Rd5
{[%clk 0:00:07]} Nd4 {[%clk 0:00:21]} 28. Qe4 {[%clk 0:00:05]} Rc8
{[%clk 0:00:19]} 29. f4 {[%clk 0:00:05]} f5 {[%clk 0:00:15]} 30. Qe3
{[%clk 0:00:06]} Nc2 {[%clk 0:00:14]} 31. Qe2 {[%clk 0:00:04]} Nxe1
{[%clk 0:00:15]} 32. Qxe1 {[%clk 0:00:05]} e4 {[%clk 0:00:16]} 33. Qd2
{[%clk 0:00:05]} Kh7 {[%clk 0:00:16]} 34. Rd6 {[%clk 0:00:06]} Qc5
{[%clk 0:00:16]} 35. Qe1 {[%clk 0:00:06]} Qxd6 0-1

[Event "blitzwomeanteam"]
[Site "?"]
[Date "2016.10.07"]
[Round "1.5"]
[White "Kovalevskaya, Ekaterina"]
[Black "Sukhareva, Evgeniya"]
[Result "1/2-1/2"]
[LiveChessVersion "1.4.4"]
[BlackElo "2258"]
[WhiteElo "2282"]

1. e4 {[%clk 0:03:01]} c5 {[%clk 0:03:03]} 2. Nf3 e6 3. c4 {[%clk 0:03:02]} Qc7
{[%clk 0:03:03]} 4. Nc3 {[%clk 0:03:02]} a6 {[%clk 0:03:04]} 5. Be2
{[%clk 0:03:01]} d6 {[%clk 0:03:05]} 6. O-O {[%clk 0:03:00]} Nf6 {[%clk 0:03:06]}
7. d4 {[%clk 0:03:00]} cxd4 {[%clk 0:03:07]} 8. Nxd4 {[%clk 0:03:01]} Nbd7
{[%clk 0:03:08]} 9. Be3 {[%clk 0:03:00]} b6 {[%clk 0:03:09]} 10. Rc1
{[%clk 0:02:58]} Bb7 {[%clk 0:03:10]} 11. f3 {[%clk 0:02:59]} Rc8
{[%clk 0:03:10]} 12. b3 {[%clk 0:02:58]} Be7 {[%clk 0:03:10]} 13. Qd2
{[%clk 0:02:59]} O-O {[%clk 0:03:10]} 14. Rfd1 {[%clk 0:03:00]} Qb8
{[%clk 0:03:10]} 15. Qe1 {[%clk 0:02:49]} Rfe8 {[%clk 0:03:05]} 16. Qf2
{[%clk 0:02:37]} Ba8 {[%clk 0:03:04]} 17. Qg3 {[%clk 0:02:28]} Bf8
{[%clk 0:03:03]} 18. Kh1 {[%clk 0:02:27]} Bb7 {[%clk 0:02:54]} 19. Qf2
{[%clk 0:02:26]} Ba8 {[%clk 0:02:55]} 20. Qg3 {[%clk 0:02:27]} Bb7 21. Qf2 Ba8
{[%clk 0:02:54]} 1/2-1/2

[Event "blitzwomeanteam"]
[Site "?"]
[Date "2016.10.07"]
[Round "1.6"]
[White "Drozdova, Dina"]
[Black "Pustovoitova, Daria"]
[Result "1/2-1/2"]
[LiveChessVersion "1.4.4"]
[BlackElo "2405"]
[WhiteElo "2241"]

1. d4 {[%clk 0:03:02]} Nf6 {[%clk 0:03:01]} 2. c4 {[%clk 0:03:02]} e6
{[%clk 0:02:49]} 3. Nf3 {[%clk 0:03:02]} b6 {[%clk 0:02:34]} 4. g3
{[%clk 0:02:58]} Bb7 {[%clk 0:02:33]} 5. Bg2 {[%clk 0:02:59]} Be7
{[%clk 0:02:34]} 6. Nc3 {[%clk 0:02:59]} Ne4 {[%clk 0:02:27]} 7. Nxe4
{[%clk 0:02:43]} Bxe4 {[%clk 0:02:27]} 8. O-O {[%clk 0:02:43]} O-O
{[%clk 0:02:27]} 9. Be3 {[%clk 0:01:55]} d6 {[%clk 0:02:03]} 10. Rc1
{[%clk 0:01:55]} c5 {[%clk 0:02:03]} 11. dxc5 {[%clk 0:01:52]} dxc5
{[%clk 0:02:03]} 12. Qb3 {[%clk 0:01:12]} Nc6 {[%clk 0:01:58]} 13. Rfd1
{[%clk 0:01:11]} Qc7 {[%clk 0:01:48]} 14. Bf4 Qb7 {[%clk 0:01:49]} 15. Be3
{[%clk 0:00:29]} Rad8 {[%clk 0:01:39]} 16. a3 {[%clk 0:00:27]} h6
{[%clk 0:01:36]} 17. Rxd8 {[%clk 0:00:22]} Rxd8 {[%clk 0:01:37]} 18. Rd1
{[%clk 0:00:23]} Qc8 {[%clk 0:01:16]} 19. Qa4 {[%clk 0:00:17]} Bf6
{[%clk 0:01:11]} 20. Rxd8+ {[%clk 0:00:16]} Qxd8 {[%clk 0:01:11]} 21. b4
{[%clk 0:00:16]} cxb4 {[%clk 0:00:50]} 22. axb4 {[%clk 0:00:17]} Be7
{[%clk 0:00:35]} 23. c5 {[%clk 0:00:10]} bxc5 {[%clk 0:00:29]} 24. Bxc5
{[%clk 0:00:10]} Bxc5 {[%clk 0:00:28]} 25. bxc5 {[%clk 0:00:12]} Qd5
{[%clk 0:00:29]} 26. h4 {[%clk 0:00:10]} a5 {[%clk 0:00:16]} 27. Kh2
{[%clk 0:00:11]} f5 {[%clk 0:00:10]} 28. Qb5 {[%clk 0:00:11]} Kh7
{[%clk 0:00:07]} 29. Ne1 {[%clk 0:00:09]} Bxg2 {[%clk 0:00:08]} 30. Nxg2
{[%clk 0:00:11]} a4 {[%clk 0:00:06]} 31. Qxa4 Qxc5 {[%clk 0:00:07]} 32. Ne3
{[%clk 0:00:11]} Nd4 {[%clk 0:00:07]} 33. Qd7 {[%clk 0:00:10]} Qe5
{[%clk 0:00:05]} 34. h5 {[%clk 0:00:10]} Nxe2 {[%clk 0:00:05]} 35. Qf7
{[%clk 0:00:11]} Qf6 {[%clk 0:00:06]} 36. Qe8 {[%clk 0:00:12]} Nd4
{[%clk 0:00:06]} 37. Kg2 {[%clk 0:00:13]} Nb3 {[%clk 0:00:06]} 38. Nc4
{[%clk 0:00:12]} Nc5 {[%clk 0:00:07]} 39. Nd6 {[%clk 0:00:13]} Qd4
{[%clk 0:00:05]} 40. Qg6+ {[%clk 0:00:13]} Kg8 {[%clk 0:00:06]} 41. Qe8+
{[%clk 0:00:14]} Kh7 {[%clk 0:00:07]} 42. Qg6+ Kg8 43. Qe8+ {[%clk 0:00:16]} Qe4+
1/2-1/2

[Event "blitzwomeanteam"]
[Site "?"]
[Date "2016.10.07"]
[Round "1.7"]
[White "Vasilevich, Irina"]
[Black "Tomilova, Elena"]
[Result "1/2-1/2"]
[LiveChessVersion "1.4.4"]
[BlackElo "2223"]
[WhiteElo "2165"]

1. c4 {[%clk 0:03:03]} b6 {[%clk 0:03:04]} 2. Nc3 {[%clk 0:03:03]} Bb7
{[%clk 0:03:03]} 3. e4 {[%clk 0:03:04]} e6 {[%clk 0:03:02]} 4. d3
{[%clk 0:03:04]} Bb4 {[%clk 0:03:00]} 5. Bd2 {[%clk 0:03:05]} Ne7
{[%clk 0:02:55]} 6. a3 {[%clk 0:03:06]} Bxc3 {[%clk 0:02:54]} 7. Bxc3
{[%clk 0:03:06]} O-O {[%clk 0:02:52]} 8. Nf3 {[%clk 0:02:40]} d5 {[%clk 0:02:49]}
9. exd5 {[%clk 0:02:29]} exd5 {[%clk 0:02:49]} 10. Be2 {[%clk 0:02:29]} c5
{[%clk 0:02:44]} 11. O-O {[%clk 0:02:08]} d4 {[%clk 0:02:43]} 12. Bd2
{[%clk 0:02:09]} Ng6 {[%clk 0:02:36]} 13. b4 {[%clk 0:02:06]} Nd7
{[%clk 0:02:32]} 14. bxc5 {[%clk 0:01:47]} Nxc5 {[%clk 0:02:25]} 15. a4
{[%clk 0:01:32]} Re8 {[%clk 0:02:15]} 16. a5 {[%clk 0:01:25]} Qf6
{[%clk 0:02:11]} 17. Bg5 {[%clk 0:01:18]} Qf5 {[%clk 0:01:59]} 18. h4
{[%clk 0:01:07]} h6 {[%clk 0:01:44]} 19. Nxd4 {[%clk 0:01:00]} Qd7
{[%clk 0:01:42]} 20. Be3 {[%clk 0:01:01]} Nxh4 {[%clk 0:01:38]} 21. Bg4
{[%clk 0:00:43]} Qd6 {[%clk 0:01:19]} 22. axb6 {[%clk 0:00:34]} Nxg2
{[%clk 0:01:09]} 23. Bf3 {[%clk 0:00:27]} Nxe3 {[%clk 0:01:07]} 24. fxe3
{[%clk 0:00:22]} Qg3+ {[%clk 0:00:58]} 25. Kh1 {[%clk 0:00:23]} Qh4+
{[%clk 0:00:57]} 26. Kg1 {[%clk 0:00:24]} Bxf3 {[%clk 0:00:51]} 27. Qxf3
{[%clk 0:00:25]} Qg5+ {[%clk 0:00:47]} 28. Kh1 {[%clk 0:00:26]} Qh4+
{[%clk 0:00:43]} 29. Kg1 {[%clk 0:00:27]} Qg5+ {[%clk 0:00:42]} 30. Kh1
{[%clk 0:00:28]} Qh4+ {[%clk 0:00:43]} 1/2-1/2

[Event "blitzwomeanteam"]
[Site "?"]
[Date "2016.10.07"]
[Round "1.8"]
[White "Baraeva, Marina"]
[Black "Severina, Maria"]
[Result "1-0"]
[LiveChessVersion "1.4.4"]
[BlackElo "2266"]
[WhiteElo "2170"]

1. d4 {[%clk 0:03:01]} Nf6 {[%clk 0:03:00]} 2. c4 {[%clk 0:03:00]} e6
{[%clk 0:03:01]} 3. Nc3 {[%clk 0:03:00]} Bb4 {[%clk 0:03:02]} 4. Qc2
{[%clk 0:02:58]} b6 {[%clk 0:03:03]} 5. Nf3 {[%clk 0:02:52]} Bb7 {[%clk 0:03:02]}
6. Bg5 {[%clk 0:02:51]} h6 {[%clk 0:03:02]} 7. Bh4 {[%clk 0:02:33]} O-O
{[%clk 0:02:33]} 8. e3 {[%clk 0:02:33]} d6 {[%clk 0:02:19]} 9. Bd3
{[%clk 0:02:27]} Nbd7 {[%clk 0:02:19]} 10. O-O {[%clk 0:02:27]} Bxc3
{[%clk 0:02:16]} 11. Qxc3 {[%clk 0:02:24]} Bxf3 {[%clk 0:01:52]} 12. gxf3
{[%clk 0:02:23]} e5 {[%clk 0:01:53]} 13. Bf5 {[%clk 0:02:01]} Qe8
{[%clk 0:01:42]} 14. Kh1 {[%clk 0:01:53]} Kh8 {[%clk 0:01:40]} 15. Rg1
{[%clk 0:01:52]} Rg8 {[%clk 0:00:54]} 16. Rg2 {[%clk 0:01:38]} g5
{[%clk 0:00:55]} 17. Bg3 {[%clk 0:01:38]} Qe7 {[%clk 0:00:48]} 18. Qd3
{[%clk 0:01:19]} Rae8 {[%clk 0:00:41]} 19. Rag1 {[%clk 0:01:05]} Nh5
{[%clk 0:00:28]} 20. Bxd7 {[%clk 0:00:58]} Nxg3+ {[%clk 0:00:29]} 21. Rxg3
{[%clk 0:00:44]} Qxd7 {[%clk 0:00:30]} 22. dxe5 {[%clk 0:00:45]} Rxe5
{[%clk 0:00:31]} 23. f4 {[%clk 0:00:46]} Qc6+ {[%clk 0:00:31]} 24. f3
{[%clk 0:00:41]} Ree8 {[%clk 0:00:23]} 25. Qd4+ {[%clk 0:00:34]} Rg7
{[%clk 0:00:19]} 26. fxg5 {[%clk 0:00:35]} hxg5 {[%clk 0:00:18]} 27. e4
{[%clk 0:00:26]} Qc5 {[%clk 0:00:13]} 28. Qxc5 {[%clk 0:00:23]} bxc5
{[%clk 0:00:14]} 29. Rxg5 {[%clk 0:00:24]} Rxg5 {[%clk 0:00:14]} 30. Rxg5
{[%clk 0:00:25]} Rb8 {[%clk 0:00:13]} 31. b3 {[%clk 0:00:25]} a5 {[%clk 0:00:15]}
32. Rg2 {[%clk 0:00:25]} a4 {[%clk 0:00:15]} 33. Rb2 {[%clk 0:00:25]} Ra8
{[%clk 0:00:15]} 34. Kg2 {[%clk 0:00:16]} Kg7 {[%clk 0:00:16]} 35. Kg3 Kf6
{[%clk 0:00:17]} 36. Kf4 {[%clk 0:00:17]} axb3 {[%clk 0:00:18]} 37. axb3
{[%clk 0:00:17]} Ra1 {[%clk 0:00:19]} 38. b4 {[%clk 0:00:15]} Rc1
{[%clk 0:00:17]} 39. bxc5 {[%clk 0:00:15]} dxc5 {[%clk 0:00:18]} 40. Rb7
{[%clk 0:00:16]} Rxc4 {[%clk 0:00:18]} 41. Rxc7 {[%clk 0:00:17]} Rc2
{[%clk 0:00:19]} 42. h4 {[%clk 0:00:17]} c4 {[%clk 0:00:20]} 43. Rc6+
{[%clk 0:00:18]} Kg7 {[%clk 0:00:22]} 44. Kf5 {[%clk 0:00:15]} Rf2
{[%clk 0:00:16]} 45. f4 {[%clk 0:00:14]} Rh2 {[%clk 0:00:16]} 46. Rxc4
{[%clk 0:00:06]} Rxh4 {[%clk 0:00:17]} 47. e5 {[%clk 0:00:07]} Rh5+
{[%clk 0:00:19]} 48. Kg4 {[%clk 0:00:07]} Rh1 {[%clk 0:00:20]} 49. Rc7
{[%clk 0:00:08]} Re1 {[%clk 0:00:13]} 50. Kf5 {[%clk 0:00:09]} Re2
{[%clk 0:00:13]} 51. Rd7 {[%clk 0:00:09]} Re1 {[%clk 0:00:14]} 52. Ra7
{[%clk 0:00:10]} Re2 {[%clk 0:00:15]} 53. Rb7 {[%clk 0:00:11]} Re1
{[%clk 0:00:17]} 54. Kg5 {[%clk 0:00:09]} Rg1+ {[%clk 0:00:18]} 55. Kf5
{[%clk 0:00:10]} Re1 {[%clk 0:00:19]} 56. Rb3 {[%clk 0:00:11]} Ra1
{[%clk 0:00:12]} 57. Rg3+ {[%clk 0:00:09]} Kf8 {[%clk 0:00:14]} 58. Rc3
{[%clk 0:00:09]} Kg7 {[%clk 0:00:14]} 59. Rg3+ {[%clk 0:00:10]} Kf8
{[%clk 0:00:16]} 60. Rd3 {[%clk 0:00:10]} Kg7 {[%clk 0:00:17]} 61. Rg3+
{[%clk 0:00:11]} Kf8 {[%clk 0:00:16]} 62. Kg5 {[%clk 0:00:11]} Kg7
{[%clk 0:00:12]} 63. f5 {[%clk 0:00:10]} f6+ {[%clk 0:00:09]} 64. Kf4+
{[%clk 0:00:06]} Kf7 {[%clk 0:00:09]} 65. e6+ {[%clk 0:00:07]} Ke7
{[%clk 0:00:10]} 66. Rc3 {[%clk 0:00:08]} Ra4+ {[%clk 0:00:11]} 67. Kf3
{[%clk 0:00:09]} Ra7 {[%clk 0:00:12]} 68. Ke4 {[%clk 0:00:10]} Ra4+
{[%clk 0:00:13]} 69. Kf3 {[%clk 0:00:11]} Ra7 {[%clk 0:00:14]} 70. Rc4
{[%clk 0:00:13]} Rb7 {[%clk 0:00:11]} 71. Kg4 {[%clk 0:00:14]} Ra7
{[%clk 0:00:12]} 72. Kh5 {[%clk 0:00:14]} Kd6 {[%clk 0:00:13]} 73. Kg6
{[%clk 0:00:14]} Ke7 {[%clk 0:00:13]} 74. Rd4 {[%clk 0:00:15]} Rb7
{[%clk 0:00:14]} 75. Rd7+ {[%clk 0:00:16]} Rxd7 76. exd7 {[%clk 0:00:17]} Kxd7
{[%clk 0:00:14]} 77. Kxf6 {[%clk 0:00:19]} 1-0